00530nam a2200169 a 4500001000400000003000500004005001700009008004100026020001500067040002000082100002400102245012000126260002700246300001100273650004100284700003500325152CDMR20131209104015.0130130s1983||||||||||||||||||||||||||||d a8486153131 aCDMRbcatcCDMR1 aFontcuberta, Mar de10aAlternativas en comunicaciónb: [crítica de experiencias y teorías]cMar de Fontcuberta, J.L. Gómez Mompart aBarcelonac1983bMitre a141 p.04aMitjans de comunicació alternatius1 aGómez Mompart, Josep Lluís